Riesgos bancarios (Registro nro. 2140)

Detalles MARC
000 -LEADER
fixed length control field 00982 a2200205 4500
001 - CONTROL NUMBER
control field 30920
005 - DATE AND TIME OF LATEST TRANSACTION
control field 20260407155617.0
008 - FIXED-LENGTH DATA ELEMENTS--GENERAL INFORMATION
fixed length control field 260407a1946 arg spa d
003 - CONTROL NUMBER IDENTIFIER
control field AR-UNSa-BCEJYS
040 ## - CATALOGING SOURCE
Original cataloging agency AR-UNSa-BCEJYS
Language of cataloging spa
Transcribing agency AR-UNSa-BCEJYS
080 ## - UNIVERSAL DECIMAL CLASSIFICATION NUMBER
Universal Decimal Classification number 657.1
Common auxiliary subdivision Teneduría de libros. Sistemas. Procedimientos (Operaciones bancarias)
100 1# - MAIN ENTRY--PERSONAL NAME
Personal name Cañellas, Marcelo G.
245 10 - TITLE STATEMENT
Title Riesgos bancarios
250 ## - EDITION STATEMENT
Edition statement 2a. ed
264 #1 - PRODUCTION, PUBLICATION, DISTRIBUTION, MANUFACTURE, AND COPYRIGHT NOTICE
Place of production, publication, distribution, manufacture Buenos Aires :
Name of producer, publisher, distributor, manufacturer Selección Contable
Date of production, publication, distribution, manufacture, or copyright notice 1946
300 ## - PHYSICAL DESCRIPTION
Extent 253 p.
Dimensions 22 cm.
505 ## - FORMATTED CONTENTS NOTE
Formatted contents note 1. Generalidades - 2. Riesgos de la evolución bancaria - 3. El riesgo del crédito - 4. Los riesgos del crédito y los ratios de operaciones - 5. Los riesgos del crédito en las situaciones comerciales - 6. Los riesgos del crédito y los ratio financieros - 7. El riesgo en el crédito consuntivo - 8. Riesgos y política bancaria en las liquidaciones - 9. La explotación y sus riesgos
590 ## - LOCAL NOTE (RLIN)
Local note niveau_biblio:m niveau_hierar:0
942 ## - ADDED ENTRY ELEMENTS (KOHA)
Koha item type
Existencias
Withdrawn status Lost status Damaged status Not for loan Home library Current library Shelving location Date acquired Total checkouts Full call number Barcode Date last seen Price effective from Koha item type
        Biblioteca Prof. Eusebio Cleto del Rey Biblioteca Prof. Eusebio Cleto del Rey   07/04/2026   657.1 C221 L21133 07/04/2026 07/04/2026 Libro
        Biblioteca Prof. Eusebio Cleto del Rey Biblioteca Prof. Eusebio Cleto del Rey   07/04/2026   657.1 C221 L20231 07/04/2026 07/04/2026 Libro